|
|
|
|
| LEADER |
01624nam a2200289 a 4500 |
| 001 |
17485 |
| 003 |
BD-DhAAL |
| 008 |
090617s2007 ii a b 001 0 eng d |
| 020 |
|
|
|a 9788184500257
|
| 040 |
|
|
|a BD-DhAAL
|c BD-DhAAL
|
| 082 |
0 |
0 |
|a 658.4012
|2 22
|
| 245 |
1 |
0 |
|a Strategic business management :
|b creating competitive advantage in global economy /
|c chief editor, K.N.S. Kang ; editors, Gautam Bansal, Sandhir Sharma.
|
| 260 |
|
|
|a New Delhi :
|b Deep & Deep Publication Ltd.,
|c c2007.
|
| 300 |
|
|
|a xvi, 627 pages :
|b illustrations,
|c 25 cm
|
| 504 |
|
|
|a Includes bibliographical references and index.
|
| 526 |
|
|
|a BBS
|x Syeda Rownak Afza and Suntu Kumar Ghosh,
Faculty member of BRAC University
|
| 541 |
1 |
|
|e 17485, 17486
|a D. S. Books International
|
| 650 |
|
0 |
|a Strategic Planning.
|
| 650 |
|
0 |
|a Strategic Planning
|z India.
|9 57431
|
| 700 |
1 |
|
|a Kang, K.N.S.
|9 57432
|
| 700 |
1 |
|
|a Bansal, Gautam
|9 57433
|
| 700 |
1 |
|
|a Sharma, Sandhir
|9 57434
|
| 852 |
4 |
|
|a Ayesha Abed Library
|c General Stacks
|
| 942 |
|
|
|2 ddc
|c BK
|
| 999 |
|
|
|c 10423
|d 10423
|
| 952 |
|
|
|0 0
|1 0
|2 ddc
|4 0
|6 658_401200000000000_STR
|7 0
|9 14311
|a BRACUL
|b BRACUL
|c GEN
|d 2011-02-02
|e D. S. Books International
|l 0
|o 658.4012 STR
|p 3010017486
|r 2011-02-02
|t 2
|w 2011-02-02
|y BK
|x Requisitioned by Syeda Rownak Afza and Suntu Kumar Ghosh, Faculty member of BRAC University ; USD 62.50
|
| 952 |
|
|
|0 0
|1 0
|2 ddc
|4 0
|6 658_401200000000000_STR
|7 0
|9 14560
|a BRACUL
|b BRACUL
|c GEN
|d 2011-03-05
|e D. S. Books International
|l 3
|m 11
|o 658.4012 STR
|p 3010017485
|r 2025-10-09
|s 2025-07-05
|t 1
|w 2011-03-05
|y BK
|x Requisitioned by Syeda Rownak Afza and Suntu Kumar Ghosh, Faculty member of BRAC University ; USD 62.50
|